|
|
|
|
| LEADER |
01120nta a2200253 i 4500 |
| 001 |
dokt12076 |
| 005 |
20250109121834.0 |
| 008 |
240301s2024 hu om 000 hun d |
| 024 |
7 |
|
|a 10.14232/phd.12076
|2 doi
|
| 024 |
7 |
|
|a 35674023
|2 mtmt
|
| 040 |
|
|
|a SZTE Doktori Repozitórium
|b hun
|
| 041 |
|
|
|a hun
|
| 100 |
1 |
|
|a Traj Péter
|
| 245 |
1 |
0 |
|a Vázmódosított ösztron származékok átmenetifém-katalizált átalakításai
|h [elektronikus dokumentum] /
|c Traj Péter
|
| 246 |
1 |
0 |
|a Transition metal-catalysed transformations of skeletally modified estrone derivatives
|h [elektronikus dokumentum]
|
| 260 |
|
|
|c 2024-05-13
|
| 300 |
|
|
|a 81
|
| 502 |
|
|
|a Disszertacio
|
| 650 |
|
4 |
|a kémiai tudományok
|
| 650 |
|
4 |
|a Szintetikus szerves kémia
|
| 700 |
0 |
1 |
|a Mernyák Erzsébet
|e ths
|
| 856 |
4 |
0 |
|u https://doktori.bibl.u-szeged.hu/id/eprint/12076/1/Traj.Peter.Disszertacio.pdf
|z Dokumentum-elérés
|
| 856 |
4 |
0 |
|u https://doktori.bibl.u-szeged.hu/id/eprint/12076/2/Traj.Peter.Tezisfuzet.lemondoi.nelkul.pdf
|z Dokumentum-elérés
|
| 856 |
4 |
0 |
|u https://doktori.bibl.u-szeged.hu/id/eprint/12076/6/Traj.Peter.Thesis.pdf
|z Dokumentum-elérés
|